Miguel Angel: 1475-1564

Salvato in:
Dettagli Bibliografici
Autore principale: Néret, Gilles (autor)
Natura: Libro
Lingua:spagnolo
Pubblicazione: Colonia Taschen 2000
Soggetti:
Tags: Aggiungi Tag
Nessun Tag, puoi essere il primo ad aggiungerne!!

MARC

LEADER 00000nam a2200000 a 4500
001 UCN4368
003 CL-VaPUC
008 010803e20000000GW |||||||||||||||||spa|d
082 0 4 |a 709.2  |b NER  |2 21 
100 |a Néret, Gilles  |e autor  |9 450026 
245 1 0 |a Miguel Angel: 1475-1564 
300 |a 96 p 
942 |c BK 
945 |d 20010803 00:00:00  |a vberengu 
260 |a Colonia  |b Taschen  |c 2000 
600 0 |a Miguel Angel  |q (Buonarroti, Michelangelo)  |d 1475-1564  |9 880971 
650 0 |a Artistas italianos   |9 449205 
650 0 |a Pintores italianos  |9 265277 
650 7 |a ESCULTORES ITALIANOS  |2 CL-VaPUC  |9 268616 
650 0 |a Arte renacentista   |9 264949 
583 |a last modification  |c 20010803 00:00:00  |k Rodrigo Vera 
999 |c 296617  |d 296615 
952 |0 0  |1 0  |4 0  |6 709_200000000000000_NER_2000  |7 0  |8 A  |9 350556  |a BIBHIS  |b BIBHIS  |d 2019-11-20  |i 3740463  |o 709.2 NER 2000  |p 3740463  |r 2025-01-20  |w 2019-11-20  |y BK  |k HIS 
952 |0 0  |1 0  |4 0  |6 709_200000000000000_NER_2000  |7 0  |8 A  |9 350557  |a BIBHIS  |b BIBHIS  |d 2019-11-20  |i 4247043  |o 709.2 NER 2000  |p 4247043  |r 2025-01-20  |w 2019-11-20  |y BK  |k HIS